000 00510nam a2200169Ia 4500
003 GCL
008 140319s9999 xx 000 0 eng d
040 _aGCL /
_cGCL
082 0 4 _a808.042
_bA R
100 1 _aANDREWS, RICHARD
245 1 0 _aREBIRTH OF RHETORIC: ESSAYS IN LANGUAGE CULTURE AND EDUCATION /
_cANDREWS, RICHARD
260 _a[S.N] :
_bROUTLEDGE ،
_c1992
300 _a239 P
650 0 4 _aENGLISH LANGUAGE - RHETORIC STUDY
650 0 4 _aENGLISH PHILOLOGY - STUDY AND TEACHING
942 _2ddc
_cBK
999 _c24036
_d24036